[Event "AUTO-INT-3612"]
[Site "http://www.queenalice.com/game.php?id=1635607"]
[Date "2020.12.6"]
[Round "1"]
[White "celotti"]
[Black "APSHOOTER"]
[Result "0-1"]
[WhiteElo "1525"]
[BlackElo "1610"]

1. d4 d6 2. Nf3 h6 3. e3 Bg4 4. Be2 a6 5. O-O Nf6 6. c4 Nc6 7. Bd3 e5 8. h3 Bh5
9. b3 e4 10. Bxe4 Nxe4 11. d5 Ne5 12. Nbd2 Nc3 13. Qc2 Ne2+ 14. Kh1 Nxc1 15.
Qxc1 Nd3 16. Qc2 Bg6 17. Ne4 Bxe4 18. Qe2 Qf6 19. Qc2 Bxf3 20. Qxd3 Bh5 21. g4
Qf3+ 22. Kh2 Bg6 23. Qd4 Be4 24. c5 Qg2# 0-1

[Event "AUTO-INT-3612"]
[Site "http://www.queenalice.com/game.php?id=1635608"]
[Date "2020.12.6"]
[Round "1"]
[White "APSHOOTER"]
[Black "celotti"]
[Result "1-0"]
[WhiteElo "1496"]
[BlackElo "1452"]

1. e4 e5 2. Bc4 d6 3. Nf3 Nf6 4. d3 Be7 5. h3 Be6 6. Bxe6 fxe6 7. Nc3 d5 8. Nxe5
Rf8 9. Be3 Nc6 10. Nxc6 bxc6 11. Qe2 d4 12. e5 dxc3 13. b3 Qd5 14. exf6 Qxg2 15.
fxe7 Qxh1+ 16. Qf1 Qxf1+ 17. Kxf1 Kxe7 18. Bd4 g5 19. Bxc3 Rf3 20. Kg2 Rf4 21.
Re1 h5 22. Bd2 Rf5 23. Bb4+ c5 24. Bc3 Raf8 25. Re2 a5 26. Bg7 R8f7 27. Bc3 g4
28. hxg4 hxg4 29. Bxa5 c6 30. Bc7 e5 31. Bxe5 Ke6 32. Bd4+ Kd5 33. Bb2 Rg5 34.
c4+ Kd6 35. Re3 Ra7 36. Bf6 1-0

[Event "Let's Play H-32"]
[Site "http://www.queenalice.com/game.php?id=1635638"]
[Date "2020.12.7"]
[Round "-"]
[White "celotti"]
[Black "Rider"]
[Result "0-1"]
[WhiteElo "1432"]
[BlackElo "1596"]

1. e4 d5 2. Nc3 d4 3. Nce2 Qd6 4. d3 Nf6 5. Bf4 Qc5 6. c3 dxc3 7. d4 Qb4 8. bxc3
Qb6 9. e5 Nd5 10. Bg3 e6 11. Qa4+ c6 12. Nf3 Bd7 13. Rd1 Qc7 14. Qb3 a5 15. c4
Nb4 16. Nf4 Be7 17. a3 N4a6 18. d5 cxd5 19. cxd5 exd5 20. Nxd5 Qc6 21. Bb5 Qxb5
22. Nd4 Qc5 23. Qxb7 Ra7 24. Qb3 O-O 25. f4 Nc6 26. Bf2 Nxd4 27. Bxd4 Qc6 28.
Nxe7+ Kh8 29. Nxc6 Rc7 30. Ne7 Be6 31. Qb6 Ra8 32. Qd6 g6 33. Bb6 Rd7 34. Nxg6+
Kg7 35. Qc6 Rxd1+ 36. Kxd1 Rc8 37. Qd6 Nb8 38. Bxa5 Kxg6 39. Qd3+ Kg7 40. Qg3+
Kh8 41. h4 Nc6 42. Qc3 Kg7 43. Qg3+ Kf8 44. Bb4+ Nxb4 45. axb4 Rb8 46. Qa3 Bg4+
47. Ke1 Kg7 0-1

[Event "Let's Play H-33"]
[Site "http://www.queenalice.com/game.php?id=1635639"]
[Date "2020.12.7"]
[Round "-"]
[White "Rider"]
[Black "celotti"]
[Result "1-0"]
[WhiteElo "1541"]
[BlackElo "1456"]

1. Nc3 e5 2. e4 Nf6 3. a3 Be7 4. Qf3 c6 5. Bc4 a6 6. g4 b5 7. Bd3 d5 8. exd5
cxd5 9. h3 Bb7 10. Rh2 O-O 11. Be2 e4 12. Qf4 d4 13. Nd1 d3 14. cxd3 exd3 15.
Bf3 Nc6 16. b4 Nd4 17. Ne3 Nc2+ 18. Nxc2 dxc2 19. Bxb7 Ra7 20. Bf3 g5 21. Qxg5+
Kh8 22. Qe5 Bd6 23. Qd4 Bxh2 24. Qxd8 Rxd8 25. Ne2 Be5 26. Ra2 Rc7 27. g5 Nd7
28. Be4 f6 29. gxf6 Nxf6 30. Bxc2 Re8 31. Kd1 Ne4 32. Bxe4 Rf8 33. f3 Rg8 34. d4
Rg1+ 35. Nxg1 Bxd4 36. Ne2 Be5 37. f4 Bf6 38. Rd2 Re7 39. Rd8+ Kg7 40. Bc2 Kh6
41. f5+ Kh5 42. Nf4+ Kh4 43. Rg8 Rg7 44. Re8 Rd7+ 45. Ke2 Bg5 46. Re4 Rc7 47.
Ne6+ 1-0

[Event "Let's Play H-35"]
[Site "http://www.queenalice.com/game.php?id=1635641"]
[Date "2020.12.7"]
[Round "-"]
[White "Rider"]
[Black "celotti"]
[Result "1-0"]
[WhiteElo "1503"]
[BlackElo "1481"]

1. Nf3 d5 2. d4 e6 3. e3 Bd7 4. Bd3 Be7 5. Qe2 Bb4+ 6. c3 Bd6 7. c4 Bb4+ 8. Bd2
Bd6 9. cxd5 exd5 10. O-O c5 11. Nc3 Nf6 12. Nb5 Be7 13. Ne5 Be6 14. dxc5 Bxc5
15. Rac1 Nc6 16. Nxc6 bxc6 17. Nc3 d4 18. Ne4 Nxe4 19. Bxe4 Qb6 20. b3 g6 21.
Qf3 f5 22. Bxc6+ Bd7 23. Bxa8 Bc6 24. Bxc6+ Kf8 25. Bd5 d3 26. Bc4 Kg7 27. Bc3+
Kh6 28. Qh3+ Kg5 29. f4# 1-0

[Event "AUTO-OPEN-4236"]
[Site "http://www.queenalice.com/game.php?id=1635708"]
[Date "2020.12.7"]
[Round "1"]
[White "celotti"]
[Black "altair"]
[Result "0-1"]
[WhiteElo "1421"]
[BlackElo "1729"]

1. e4 e5 2. Nc3 a6 3. d3 h6 4. Nf3 d6 5. Be2 Nf6 6. O-O b5 7. d4 Nc6 8. h3 exd4
9. Nxd4 Nxd4 10. Qxd4 Be7 11. Be3 Bb7 12. Bf3 c5 13. Qd2 b4 14. Na4 O-O 15. c3
bxc3 16. Nxc3 d5 17. exd5 Bd6 18. a3 Bc7 19. Bxc5 Bd6 20. Bd4 Bc7 21. g3 Nxd5
0-1

[Event "AUTO-OPEN-4236"]
[Site "http://www.queenalice.com/game.php?id=1635709"]
[Date "2020.12.7"]
[Round "1"]
[White "altair"]
[Black "celotti"]
[Result "1-0"]
[WhiteElo "1692"]
[BlackElo "1443"]

1. e4 Nf6 2. e5 Nd5 3. d4 c6 4. Nf3 e6 5. a3 Be7 6. Bd2 c5 7. g3 d6 8. c4 Nb6 9.
Bg2 Nxc4 10. Bc3 f6 11. exf6 gxf6 12. dxc5 d5 13. O-O Bxc5 14. Qe2 a5 15. b3 Nd6
16. Qb2 d4 17. Bxd4 b6 18. Bxf6 Qd7 19. Bxh8 Nf7 20. Ne5 Bd4 21. Qd2 Qd6 22.
Nxf7 1-0

[Event "AUTO-OPEN-4236"]
[Site "http://www.queenalice.com/game.php?id=1635710"]
[Date "2020.12.7"]
[Round "1"]
[White "celotti"]
[Black "ratorei"]
[Result "0-1"]
[WhiteElo "1458"]
[BlackElo "2072"]

1. e4 c5 2. Be2 Nf6 3. Nf3 d6 4. d3 Bg4 5. Bd2 g6 6. O-O Bg7 7. Bc3 O-O 8. e5
Nd5 9. h3 Be6 10. d4 Nxc3 11. Nxc3 cxd4 12. Nxd4 Bc8 13. Bc4 Bxe5 14. f4 Bg7 15.
g4 Qb6 16. Na4 Qxd4+ 17. Qxd4 Bxd4+ 18. Kg2 a6 19. c3 Ba7 20. b3 b5 21. Bd5 bxa4
22. Bxa8 Bd7 23. Bd5 e6 24. Bf3 d5 25. Rab1 a3 26. h4 Rc8 27. c4 Nc6 28. cxd5
exd5 29. Bxd5 Bxg4 30. Rbc1 Ne7 31. Bc4 Kg7 32. Rfe1 Ng8 33. Bxa6 Rd8 34. b4
Rd2+ 35. Be2 Bxe2 0-1

[Event "AUTO-OPEN-4236"]
[Site "http://www.queenalice.com/game.php?id=1635711"]
[Date "2020.12.7"]
[Round "1"]
[White "ratorei"]
[Black "celotti"]
[Result "1-0"]
[WhiteElo "2043"]
[BlackElo "1471"]

1. e4 d6 2. d4 Nf6 3. Nc3 c6 4. Bg5 Nbd7 5. Be2 e5 6. d5 h6 7. Bh4 Be7 8. Nf3
Nc5 9. O-O Nh5 10. Bxe7 Qxe7 11. Nxe5 Qxe5 12. Bxh5 g6 13. Bf3 f5 14. Re1 h5 15.
exf5 Qxe1+ 16. Qxe1+ Kf7 17. fxg6+ Kxg6 18. dxc6 bxc6 19. Bxc6 Rb8 20. Qe3 Bf5
21. Qg3+ Bg4 22. f3 Rb4 23. fxg4 h4 24. Qxd6+ Kg5 25. Qxc5+ Kxg4 26. Qxb4+ Kh5
27. Rf1 1-0

[Event "Let's Play Chess!"]
[Site "http://www.queenalice.com/game.php?id=1635791"]
[Date "2020.12.8"]
[Round "-"]
[White "celotti"]
[Black "bobifixer"]
[Result "0-1"]
[WhiteElo "1478"]
[BlackElo "2066"]

1. e4 c5 2. c3 Nc6 3. Be2 d6 4. d4 cxd4 5. cxd4 Nf6 6. Nc3 g6 7. d5 Ne5 8. h3
Bg7 9. Nf3 Nxf3+ 10. Bxf3 O-O 11. Qc2 a6 12. O-O b5 13. a4 b4 14. Ne2 a5 15. Nd4
Ba6 16. Nc6 Qd7 17. Bg4 Nxg4 18. hxg4 Bxf1 19. Kxf1 Rfe8 0-1

[Event "Let's Play Chess!"]
[Site "http://www.queenalice.com/game.php?id=1635792"]
[Date "2020.12.8"]
[Round "-"]
[White "bobifixer"]
[Black "celotti"]
[Result "1-0"]
[WhiteElo "2064"]
[BlackElo "1480"]

1. Nf3 c6 2. d4 d5 3. g3 Nd7 4. Bg2 Ngf6 5. O-O h6 6. b3 b6 7. Bb2 b5 8. Nbd2 e6
9. Re1 Be7 10. c4 bxc4 11. bxc4 c5 12. cxd5 exd5 13. dxc5 Nxc5 14. Ne5 O-O 15.
Nc6 Qc7 16. Nxe7+ 1-0

[Event "AUTO-INT-3613"]
[Site "http://www.queenalice.com/game.php?id=1635849"]
[Date "2020.12.9"]
[Round "1"]
[White "ungern"]
[Black "celotti"]
[Result "1-0"]
[WhiteElo "1709"]
[BlackElo "1458"]

1. e4 e5 2. Nf3 Nf6 3. Nc3 d6 4. d3 Be7 5. Be2 O-O 6. Bg5 Bd7 7. Qd2 Bc6 8.
O-O-O Qd7 9. Kb1 d5 10. exd5 Nxd5 11. Nxe5 Qf5 12. d4 f6 13. Bh4 Bb4 14. f3 fxe5
15. dxe5 Qxe5 16. a3 Ba5 17. Be1 Nd7 18. Bc4 Nf6 19. Nxd5 Bxd2 20. Bxd2 b5 21.
Ne7+ Kh8 22. Rhe1 Qd4 23. Be2 Qd7 24. Bb4 Qe6 25. Bxb5 Qxe1 26. Rxe1 Bxb5 27. g4
Rfe8 28. b3 h6 29. Rc1 Nd5 30. Nxd5 Rac8 31. Nc3 c6 32. Nxb5 cxb5 33. h4 Rf8 34.
Bxf8 Rxf8 35. Rf1 a5 36. f4 1-0

[Event "AUTO-INT-3613"]
[Site "http://www.queenalice.com/game.php?id=1635850"]
[Date "2020.12.9"]
[Round "1"]
[White "celotti"]
[Black "ungern"]
[Result "0-1"]
[WhiteElo "1469"]
[BlackElo "1603"]

1. e4 e5 2. Nf3 Nc6 3. d3 d6 4. Be2 Nf6 5. O-O Bg4 6. h3 Bh5 7. Be3 Qd7 8. c3 d5
9. Nbd2 O-O-O 10. c4 d4 11. Nxe5 Nxe5 12. Bf4 Bd6 13. Nf3 Nxf3+ 14. Bxf3 Bxf4
15. e5 Bxe5 16. g3 Bxf3 17. Qxf3 Qxh3 18. Qh1 Qxh1+ 19. Kxh1 g5 20. f4 Bd6 21.
fxg5 Nh5 22. Rf3 Nxg3+ 23. Kg2 Rd7 24. a3 Rg8 25. b4 Rxg5 26. c5 Be5 27. b5 Ne4+
28. Kh3 Nxc5 29. Rc1 b6 30. Kh4 Rg2 31. Re1 Bg7 32. Re8+ Rd8 33. Kh3 Ra2 34. Re7
Rxa3 0-1

[Event "AUTO-INT-3613"]
[Site "http://www.queenalice.com/game.php?id=1635863"]
[Date "2020.12.9"]
[Round "1"]
[White "Kuroi"]
[Black "celotti"]
[Result "1-0"]
[WhiteElo "1487"]
[BlackElo "1403"]

1. e4 e6 2. Nc3 d5 3. d4 Bb4 4. e5 Nc6 5. Nf3 Nge7 6. a3 Ba5 7. b4 Bb6 8. g3 O-O
9. Bg2 Bd7 10. O-O f6 11. exf6 1-0

[Event "AUTO-INT-3613"]
[Site "http://www.queenalice.com/game.php?id=1635864"]
[Date "2020.12.9"]
[Round "1"]
[White "celotti"]
[Black "Kuroi"]
[Result "0-1"]
[WhiteElo "1417"]
[BlackElo "1473"]

1. d4 d5 2. e3 Nf6 3. Bb5+ c6 4. Bd3 g6 5. h3 Bg7 6. Nf3 O-O 7. Nbd2 b5 8. Nb3
a5 9. O-O Be6 10. Nc5 Qc8 11. Bd2 Qc7 0-1

[Event "AUTO-INT-3613"]
[Site "http://www.queenalice.com/game.php?id=1635873"]
[Date "2020.12.9"]
[Round "1"]
[White "celotti"]
[Black "jw16js"]
[Result "0-1"]
[WhiteElo "1492"]
[BlackElo "1584"]

1. d4 d5 2. Nc3 c6 3. e3 Nf6 4. Bd3 Nbd7 5. Nf3 b5 6. O-O e6 7. Qe1 g6 8. e4 b4
9. Ne2 a5 10. c3 dxe4 11. Bxe4 Nxe4 12. Ne5 Nxe5 13. dxe5 Be7 14. Nd4 Qd5 15. f3
Ng5 16. h4 c5 17. Qe2 cxd4 18. cxd4 Ba6 19. Qf2 Bxf1 20. Kxf1 Qc4+ 21. Kg1 Nxf3+
22. Qxf3 O-O 23. Qf2 Rfd8 24. b3 Qd5 25. Bg5 Re8 26. g3 Bxg5 27. hxg5 Rec8 28.
Rd1 Ra7 29. Kf1 Qh1+ 30. Ke2 Rc2+ 31. Rd2 Qh5+ 32. g4 Qxg4+ 33. Qf3 Rxd2+ 34.
Kxd2 Qxf3 35. d5 Qxd5+ 36. Ke3 Qxe5+ 37. Kd3 Rd7+ 38. Kc4 Qxg5 0-1

[Event "AUTO-INT-3613"]
[Site "http://www.queenalice.com/game.php?id=1635874"]
[Date "2020.12.9"]
[Round "1"]
[White "jw16js"]
[Black "celotti"]
[Result "1-0"]
[WhiteElo "1571"]
[BlackElo "1505"]

1. e4 h6 2. d4 d5 3. e5 Nc6 4. c3 Bf5 5. f4 Bxb1 6. Rxb1 e6 7. Bb5 f6 8. Nf3 Ne7
9. Bd3 Qd7 10. Bb5 O-O-O 11. Qa4 a6 12. Bxc6 Nxc6 13. Qc2 g5 14. fxg5 hxg5 15.
g4 Bh6 16. b4 b5 17. exf6 Rhf8 18. Qg6 Rh8 19. Bxg5 Rdf8 20. Bxh6 Rfg8 21. Bg7
Qe8 22. f7 Rxg7 23. fxe8=Q+ Rxe8 24. Qxe8+ Kb7 25. Qxe6 Re7 26. Qxe7 Nxe7 27.
O-O Ng6 28. Rbe1 Nf4 29. Re8 Nd3 30. g5 Nf4 31. h4 Nh5 32. Kh2 Ng7 33. Rg8 Ne6
34. Re1 Nf4 35. Ne5 Ne6 36. Nd7 Kc6 37. Nb8+ Kb7 38. Rxe6 1-0

[Event "AUTO-OPEN-4237"]
[Site "http://www.queenalice.com/game.php?id=1635998"]
[Date "2020.12.10"]
[Round "1"]
[White "Jackzapo"]
[Black "celotti"]
[Result "1-0"]
[WhiteElo "1791"]
[BlackElo "1434"]

1. e4 d5 2. d3 Nf6 3. e5 Nfd7 4. d4 b6 5. c3 e6 6. Nf3 Be7 7. Nbd2 c5 8. b3 O-O
9. Be2 f6 10. O-O Bb7 11. exf6 Bxf6 12. dxc5 Nxc5 13. Bb2 e5 14. Re1 e4 15. Nd4
1-0

[Event "AUTO-OPEN-4237"]
[Site "http://www.queenalice.com/game.php?id=1635999"]
[Date "2020.12.10"]
[Round "1"]
[White "celotti"]
[Black "Jackzapo"]
[Result "0-1"]
[WhiteElo "1436"]
[BlackElo "1789"]

1. d4 Nf6 2. Nf3 d5 3. e3 e6 4. Be2 Bd6 5. g3 c5 6. b3 a6 7. Bb2 O-O 8. Nc3 cxd4
9. exd4 b5 10. O-O Nc6 11. a3 Qc7 12. a4 b4 13. Na2 a5 14. c3 Rb8 15. c4 dxc4
0-1

[Event "AUTO-OPEN-4237"]
[Site "http://www.queenalice.com/game.php?id=1636024"]
[Date "2020.12.10"]
[Round "1"]
[White "AsterixTwin"]
[Black "celotti"]
[Result "1-0"]
[WhiteElo "2563"]
[BlackElo "1438"]

1. d4 h6 2. e4 d5 3. exd5 Qxd5 4. c4 Qd8 5. Nf3 e6 6. Nc3 b6 7. Be2 Be7 8. O-O
Nf6 9. h3 O-O 10. Be3 c5 11. Qc2 g6 12. Bxh6 Nh7 13. Bxf8 Qxf8 14. Qe4 Nc6 15.
Qxc6 Rb8 16. Qe4 f5 17. Qc2 g5 18. dxc5 1-0

[Event "AUTO-OPEN-4237"]
[Site "http://www.queenalice.com/game.php?id=1636025"]
[Date "2020.12.10"]
[Round "1"]
[White "celotti"]
[Black "AsterixTwin"]
[Result "0-1"]
[WhiteElo "1460"]
[BlackElo "2556"]

1. d4 Nf6 2. Nf3 g6 3. Bd2 Bg7 4. c3 O-O 5. e3 b6 6. g3 Bb7 7. Bg2 d6 8. O-O
Nbd7 9. Qe2 a5 10. a3 Ba6 11. c4 d5 12. b3 a4 13. bxa4 Bxc4 14. Qe1 Bxf1 15.
Bxf1 Rxa4 16. Nc3 Ra8 0-1

[Event "AUTO-OPEN-4237"]
[Site "http://www.queenalice.com/game.php?id=1636042"]
[Date "2020.12.10"]
[Round "1"]
[White "celotti"]
[Black "kuntakinte"]
[Result "0-1"]
[WhiteElo "1510"]
[BlackElo "1786"]

1. d4 d5 2. e3 Nf6 3. Nc3 e6 4. Bd3 Bb4 5. a3 Ba5 6. Bd2 Bxc3 7. bxc3 O-O 8. c4
b6 9. c5 bxc5 10. dxc5 Bb7 11. Nf3 Nbd7 12. Ng5 Nxc5 13. Bxh7+ Nxh7 14. Nf3 Nf6
15. Nd4 Nfe4 16. Bb4 Qf6 17. f3 Qh4+ 18. g3 Nxg3 19. Kf2 Nxh1+ 20. Ke2 Qf2# 0-1

[Event "AUTO-OPEN-4237"]
[Site "http://www.queenalice.com/game.php?id=1636043"]
[Date "2020.12.10"]
[Round "1"]
[White "kuntakinte"]
[Black "celotti"]
[Result "1-0"]
[WhiteElo "1761"]
[BlackElo "1476"]

1. e4 e6 2. e5 Nc6 3. Nf3 f6 4. d4 h6 5. Bb5 a6 6. Bc4 g5 7. h3 Na5 8. b3 d6 9.
Bd2 d5 10. Bd3 c6 11. O-O Ne7 12. Qe1 Bg7 13. Bxa5 b6 14. Bc3 a5 15. b4 a4 16.
b5 Bd7 17. bxc6 Bxc6 18. Bb4 O-O 19. exf6 Rxf6 20. Ne5 Qe8 21. Bxe7 Qxe7 22.
Nxc6 Qf8 23. Nc3 Rc8 24. Ne5 Rxc3 25. Qxc3 1-0